000 00373nam a2200145Ia 4500
008 230711s9999||||xx |||||||||||||| ||und||
041 _aENG
082 _a720
_bBU-D
100 _aBurden Ernest.E
245 0 _aDesign presentation techniques
250 _a2nd Ed.
260 _c1983
_aNew York
_bTata McGraw Hill Education Limited
650 _aCivil Engineering
942 _cBK
999 _c323
_d323